| 000 | 00494nam a2200193Ia 4500 | ||
|---|---|---|---|
| 008 | 170918s9999 xx 000 0 und d | ||
| 020 | _a590468960 | ||
| 050 | _bV798 1978 | ||
| 100 | _aViorst, Judith | ||
| 245 | _aAlexander, who used to be rich last Sunday / | ||
| 245 | _cJudith Viorst ; illustrated by Ray Cruz. | ||
| 260 | _aNew York : | ||
| 260 | _bScholastic, | ||
| 260 | _c1978 | ||
| 300 | _aunpaged : | ||
| 300 | _bcolored illustration ; | ||
| 300 | _c19cm. | ||
| 500 | _a570 | ||
| 999 |
_c341531 _d341531 |
||